00357nam a2200121 450000500170000010000130001724500680003026400490009830000180014733600220016533700240018733800240021120260530113907.01 aFang Hai10aChinesism in Modern Furnitures Design / The Chair as an Example 1bUniversity opf Art and Design Helsinkic2004 a345 páginas atexto2rdacontent asin medio2rdamedia avolumen2rdacarrier